000
003230000a22001450004500
003
MACL
040
_a
MACL
090
_c
5166
_d
5165
100
_a
Devarajan, G
245
_a
Library Computerisation in India
260
_b
Ess Ess Publications
_c
1990
350
_a
175
650
_a
Library & Information
942
_c
BOOK
_k
020
999
_c
5128
_d
5128